000 00330pab a2200145 454500
008 180718b1998 xxu||||| |||| 00| 0 eng d
100 _aParnami, K.K.
245 _aEvolution and growth of training
260 _c1998
300 _ap.77-82
362 _aJan-Jun
650 _aTraining
773 _aPrashasnika
909 _a39899
999 _c39899
_d39899